NCAAM DII Basketball Logo Quiz: GLVC - Statistics

General Stats
  • This quiz has been taken 22 times
    21 since last reset
  • The average score is 9 of 15
Answer Stats
Picture Answer % Correct
Indianapolis
86%
Illinois-Springfield
79%
Missouri S&T
79%
Drury
71%
Lewis
71%
Missouri-St. Louis
71%
Quincy
64%
Truman St.
64%
Lincoln (MO)
57%
Upper Iowa
57%
McKendree
50%
William Jewell
50%
Rockhurst
43%
Southwest Baptist
43%
Maryville
36%
No matching quizzes found
Score Distribution
Percent of People with Each Score
Percentile by Number Answered
Your Score History
You have not taken this quiz since the last reset